000 00720nam a2200205Ia 4500
003 GCL
008 140319s9999 xx 000 0 ara d
040 _aGCL /
_cGCL
082 0 4 _a960
_bو ج
100 1 _aووديس، جاك
245 1 0 _aجذور الثورة الافريقية /
_cووديس، جاك
260 _aالقاهرة :
_bالهيئة المصرية العامة للتأليف والنشر ،
_c1971
300 _a616 ص ؛
_c24 سم
650 0 4 _aافريقيا
650 0 4 _aافريقيا - تاريخ
650 0 4 _aالاستعمار الاقتصادى
650 0 4 _aالانقلابات العسكرية
650 0 4 _aافريقيا - الاحوال الاقتصادية
942 _2ddc
_cBK
999 _c5840
_d5840